• 首页
  • 本馆介绍
  • 公告通知
  • 最新文献
  • 馆藏检索
  • 电子资源
  • 读者导购
  • 参考咨询
  • 我的图书馆
  • 登录
  • 详细信息显示
  • 放入我的书架
  • 预约/预借图书
  • 作者相关作品
  • 分类相关作品
  • 丛书相关作品
  • 出版社相关作品

书目信息

  • 表格格式
  • 工作单格式
  • 卡片格式
题名:
园林美术
    
 
作者: 康玉莲 , 刘寿平 主编
分册:  
出版信息: 北京   中国电力出版社  2010.3
页数: 186页
开本: 26cm
丛书名:
单 册:
中图分类: TU986.1
科图分类:
主题词: 园林艺术--绘画--高等教育--教材 , 园林艺术 , 绘画
电子资源:
ISBN: 978-7-5083-8863-2
000 00952nam0 2200277 450
001 0400004700
005 20171024161307.0
010    @a978-7-5083-8863-2@dCNY42.00
100    @a20100514e20152010em y0chiy50 ea
101 0  @achi
102    @aCN@b110000
105    @aa z 000yy
106    @ar
200 1  @a园林美术@9yuan lin mei shu@f康玉莲,刘寿平主编
210    @a北京@c中国电力出版社@d2010.3@h2015.7
215    @a186页@c图@d26cm
300    @a高职高专园林工程技术专业系列规划教材
330    @a本书分绪论、绘画造型能力训练、构成知识、欣赏四大部分,具体包括绪论、绘画基础知识、素描、色彩、钢笔淡彩、园林效果图表现技法、平面构成与立构在园林中的运用、美术字设计及作品欣赏。
606 0  @a园林艺术@x绘画@x高等教育@j教材
606 0  @a园林艺术
606 0  @a绘画
690    @aTU986.1@v4
701  0 @a康玉莲@9kang yu lian@4主编
701  0 @a刘寿平@9liu shou ping@4主编
801  0 @aCN@b91MARC@c20171024
905    @b1038905-9@dTU986.1@f5@e1327
    
    园林美术/康玉莲,刘寿平主编.-北京:中国电力出版社,2010.3(2015.7)
    186页:图;26cm
    高职高专园林工程技术专业系列规划教材
    
    ISBN 978-7-5083-8863-2:CNY42.00
    本书分绪论、绘画造型能力训练、构成知识、欣赏四大部分,具体包括绪论、绘画基础知识、素描、色彩、钢笔淡彩、园林效果图表现技法、平面构成与立构在园林中的运用、美术字设计及作品欣赏。
●
相关链接 在E读中查询图书 在五车中查询图书 在当当中查询图书 在豆瓣中查询图书


正题名:园林美术     索取号:TU986.1/1327         预约/预借

序号 登录号 条形码 馆藏地/架位号 状态 备注
1 1038905   210389051   第二样本阅览室/ [索取号:TU986.1/1327] 在馆    
2 1038906   210389060   密集书库-生命科学系/ [索取号:TU986.1/1327] 在馆    
3 1038907   210389079   第三借阅区/ [索取号:TU986.1/1327] 在馆    
4 1038908   210389088   第三借阅区/ [索取号:TU986.1/1327] 在馆    
5 1038909   210389097   第三借阅区/ [索取号:TU986.1/1327] 在馆    
唐山师范学院图书馆 欢迎您!
大连网信软件有限公司© 版权所有